| 000 | 00341nam a2200121Ia 4500 | ||
|---|---|---|---|
| 008 | 230907s9999||||xx |||||||||||||| ||und|| | ||
| 082 | _a620.193,DEL | ||
| 100 |
_aDelhaes, Pierre. _9114829 |
||
| 245 | 0 | _aCarbon science and technology : | |
| 260 |
_aISTE ; | Wiley, _bLondon : | Hoboken, NJ : _c2012 |
||
| 300 | _axxiv, 196 p. : | ||
| 942 | _cBK | ||
| 999 |
_c597467 _d597467 |
||